| 000 | 00691nam a2200229 a 4500 | ||
|---|---|---|---|
| 005 | 20210219160027.0 | ||
| 008 | 080613s1963 mx r 000 0 spa d | ||
| 035 | _aUPN01000156929 | ||
| 049 | _aUNE | ||
| 080 | _aOC 016: 551.48 (6) =20 =40 ROD. | ||
| 100 | 1 | _aRodier, J. M. | |
| 245 | 1 | 0 |
_aBibliographie hidrologique africaine = _bBibliography of African Hidrology / _cby J. M. Rodier. |
| 260 |
_aParís : _bUNESCO, _c1963. |
||
| 300 | _a166 p. | ||
| 440 | 0 |
_aRecherches sur les ressources naturelles. _pNatural resources |
|
| 500 | _aTexto en francés e inglés | ||
| 690 | _aHidrología | ||
| 690 | _aBibliografías | ||
| 690 | _aAfrica | ||
| 710 | 2 | _aUNESCO | |
| 905 | _aUNESCO | ||
| 999 |
_c129043 _d129043 |
||